| 000 | 01665nam0a22002891 4500 | ||
|---|---|---|---|
| 001 | rc\2719747 | ||
| 005 | 20250529125839.0 | ||
| 035 | _a(NLR Aleph) 006847482 | ||
| 090 |
_a6710745 _c6710745 |
||
| 100 | _a20110915d1938 |||y0rusy50 ca | ||
| 101 | 0 | _arus | |
| 102 | _aRU | ||
| 105 | _aa z ||||| | ||
| 200 | 1 |
_aХимический отряд Осоавиахима _eУчеб. пособие [для колхоз. осоавиахим. актива] _fИ. Поспелов, С. Енюков |
|
| 205 | _a2-е изд., испр. и доп. | ||
| 210 |
_aМосква _cЦС Союза Осоавиахим СССР _d1938 _g1 тип. изд-ва Ленингр. облисполкома и Совета |
||
| 215 |
_a283 с. _cил. _d22 см. |
||
| 327 | 1 | _aСодерж.: И. А. Поспелов. Хим. отряд в борьбе за урожай. С. М. Енюков. Противовозд. и противохим. оборона | |
| 464 | 0 |
_12000#$aПротивовоздушная и противохимическая оборона$fС. М. Енюков _tПротивовоздушная и противохимическая оборона |
|
| 464 | 0 |
_12000#$aХимический отряд в борьбе за урожай$fИ. А. Поспелов _tХимический отряд в борьбе за урожай |
|
| 700 | 1 |
_7ca _8rus _aПоспелов _bИ. А. _cканд. с.-х. наук _gИван Алексеевич _9268797 _3RU\NLR\AUTH\770268853 |
|
| 701 | 1 |
_aЕнюков _bС.М. _gСемен Михайлович |
|
| 801 | 0 |
_aRU _bNLR _gpsbo |
|
| 801 | 1 |
_aRU _bELAR _2rusmarc |
|
| 852 |
_aNLR _j38-4/610 |
||
| 942 | _cBOOK | ||
| 980 | _aNB | ||